00763nam a2200205Ia 4500001001000000003000500010008004100015010001100056040000900067100003300076245017300109260003400282300001000316502007000326650002600396650003800422650003600460650002700496710003400523Para_5615CHAP220125s2000 xx 000 0 und d a204082 cCHAP aGuillen Sánchez, Dagoberto aEpidemiología de cenicilla (Oidium mangiferae Berthet) y antracnosis (Colletotrichum gloesporioides Penz) del mango en Michoacán /c por Dagoberto Guillen Sánchez aChapingo, Méx. :b el autor a42 h. aTesis (M.C. esp. en Fitopatología) CP. Instituto de Fitosanidad aAntracnosis del mango aCenicilla polvorienta del mango  aColletotrichum gloeosporioides  aMango x enfermedades  aCP. Insitituto de Fitosanidad